00349 a2200121 450000100060000010000170000624500400002326000210006309000170008494200230010199900190012495200840014331432 aKaufeld Jone aAccess 2000 for Windows for Dummies aNew DelhibODGc c21316d21316 aNUST-CAEcMc12577 c266505d266505 001040708NFICaCAEbCAEd2017-04-03l0pCAE72051r2017-04-05w2017-04-05yBK